| 000 | 01105cam a2200253 i 4500 | ||
|---|---|---|---|
| 003 | SA-RiAUC | ||
| 005 | 20260217144021.0 | ||
| 008 | 260204s1924 ua g 000 0 ara c | ||
| 040 |
_aEG-CaDAJ _bara _cSA-RiAUC _erda |
||
| 082 | 0 | 4 |
_a232.64 _qSA-RiAUC |
| 090 |
_aم ن 232.64 _bم و ص |
||
| 100 | 1 |
_aالموصلي، عمر بن بدر بن سعيد، _d557-622 هجري _eمؤلف. |
|
| 245 | 1 | 2 |
_aالمغني عن الحفظ والكتاب / _cأبو حفص عمر بن بدر الموصلي الحنفي. |
| 264 | 1 |
_aالقاهرة : _bجمعية نشر الكتب العربية، _c[1924] |
|
| 264 | 3 |
_a[مكان الطبع غير محدد] : _bالمطبعة السلفية ومكتبتها |
|
| 300 |
_a52 صفحة ؛ _c29 سم |
||
| 336 |
_aنص _btxt _2rdacontent _3كتاب |
||
| 337 |
_aبدون وسيط _bn _2rdamedia |
||
| 338 |
_aمجلد _bnc _2rdacarrier |
||
| 650 | 7 |
_aالحديث الموضوع _2aucsh |
|
| 856 | 4 | _uhttp://10.10.10.21/hipres/498/book.Web/bookTestPage.html | |
| 942 |
_2ddc _cRBOOK COPY _n0 |
||
| 949 |
_aSA-JeALM _d260204 _umohamedma123 _n1 |
||
| 999 |
_c14380 _d14380 |
||